Financiamento das ações e serviços públicos de saúde : (Record no. 1428)

MARC details
000 -LÍDER
Campo Fixo de Controle 00686nam a2200217 a 4500
001 - NÚMERO DE CONTROLE
Campo de Controle 1428
003 - IDENTIFICAÇÃO DO NÚMERO DE CONTROLE
Campo de Controle BR-CuiBMT
005 - DATA E HORA DA ÚLTIMA ATUALIZAÇÃO
Campo de Controle 20231210051526.0
008 - DADOS FIXOS
Dados Fixos 231204s2016 spb | 000 0 por d
040 ## - AGÊNCIA CATALOGADORA
Código da Agência Catalogadora BR-CuiBMT
Agência que transcreveu o registro BR-CuiBMT
080 ## - Nº DA CLASSIFICAÇÃO DECIMAL UNIVERSAL
Nº edição CDU 2007
Nº Class. CDU 351.77
090 ## - NÚMERO DE CHAMADA
Nº classificação 351.77
Cutter S239f
110 1# - ENTRADA PRINCIPAL -- ENTIDADE
Nome da entidade ou lugar São Paulo.
Unidade subordinada Tribunal de Contas.
245 10 - TÍTULO PRINCIPAL
Título principal Financiamento das ações e serviços públicos de saúde :
Subtítulo manual básico /
Indicação de responsabilidade Tribunal de Contas do Estado de São Paulo.
260 ## - PUBLICAÇÃO, DISTRIBUIÇÃO, ETC.
Local de publicação São Paulo :
Editora TCE-SP,
Data 2016.
300 ## - DESCRIÇÃO FÍSICA
N. páginas ou volumes 73 p. :
Ilustrações il. ;
Dimensões 23 cm
504 ## - NOTA DE BIBLIOGRAFIA, ETC.
Nota de bibliografia Inclui bibliografia.
650 ## - ASSUNTO TÓPICO
Cabeçalho tópico ou nome geográfico Saúde pública
Subdivisão geral Brasil
650 ## - ASSUNTO TÓPICO
Cabeçalho tópico ou nome geográfico Serviços públicos
Subdivisão geral Brasil
942 ## - ELEMENTOS DE ENTRADA ADICIONAIS (KOHA)
Fonte de classificação ou esquema de arquivamento Classificação Decimal Universal
Tipo de item do Koha Livros
Holdings
Estado: removido Estado: perdido Fonte de classificação ou esquema de arquivamento Estado: danificado Indisponível para empréstimo Localização permanente Localização atual Data de aquisição Total Checkouts Número de Chamada completo Código de barras Date last seen Número do exemplar Preço efetivo a partir de Tipo de item (Koha)
    Classificação Decimal Universal     Biblioteca da Escola Superior de Contas do TCE/MT Biblioteca da Escola Superior de Contas do TCE/MT 05/06/2018   351.77 S239f BIBTCEMT23120318 08/12/2023 Ex. 1 08/12/2023 Livros

Powered by Koha